Homenaje a Luis López Alvarez (Record no. 81028)
[ view plain ]
| 000 -LEADER | |
|---|---|
| campo de control de longitud fija | 00551nam a2200169 i 4500 |
| 001 - NÚMERO DE CONTROL | |
| campo de control | 81028 |
| 003 - IDENTIFICADOR DE NÚMERO DE CONTROL | |
| campo de control | ES-MaACL |
| 005 - FECHA Y HORA DE LA ÚLTIMA TRANSACCIÓN | |
| campo de control | 20230906174342.0 |
| 007 - CAMPO FIJO DE DESCRIPCIÓN FÍSICA--INFORMACIÓN GENERAL | |
| campo de control de longitud fija | t| |
| 008 - DATOS DE LONGITUD FIJA--INFORMACIÓN GENERAL | |
| campo de control de longitud fija | 041102s1985 sp ||||1| spa d |
| 245 00 - MENCIÓN DEL TÍTULO | |
| Título | Homenaje a Luis López Alvarez |
| Resto del título | : [la poesía de Luis López Alvarez / |
| Mención de responsabilidad, etc. | por Gustavo Luis Carrera]. |
| 260 ## - PUBLICACIÓN, DISTRIBUCIÓN, ETC. | |
| Lugar de publicación, distribución, etc. | [Valladolid : |
| Nombre del editor, distribuidor, etc. | Diputación Provincial de Valladolid, |
| Fecha de publicación, distribución, etc. | 1985] |
| 300 ## - DESCRIPCIÓN FÍSICA | |
| Extensión | 24 h. : |
| Otras características físicas | il. ; |
| Dimensiones | 23 cm. |
| 504 ## - NOTA DE BIBLIOGRAFÍA, ETC. | |
| Nota de bibliografía, etc. | Bibliografía. |
| 700 1# - ENTRADA AGREGADA--NOMBRE PERSONAL | |
| Nombre de persona | Carrera, Gustavo Luis. |
| 9 (RLIN) | 35625 |
| 852 ## - LOCALIZACIÓN | |
| Ubicación | ES-MaACL |
| Número de control de estantería | 2135-F-35 |
| Sublocalización o colección | R.109306 |
| Estatus retirado | Estado de pérdida | Estado de daño | No para préstamo | Colección | Biblioteca de origen | Biblioteca actual | Ubicación en estantería | Fecha de adquisición | Fuente de adquisición | Total de préstamos | Signatura topográfica completa | Código de barras | Visto por última vez | Precio de reemplazo | Tipo de ítem Koha |
|---|---|---|---|---|---|---|---|---|---|---|---|---|---|---|---|
| Colección de folletos | Biblioteca del Ateneo de Madrid | Biblioteca del Ateneo de Madrid | Depósito folletos | 17/01/2008 | 2135-F-35 | 1084706 | 23/02/2023 | 23/02/2023 | Folleto |
